[Event "Titled Tuesday intern op 23rd Apr Late"]
[Site "Chess.com INT"]
[Date "2024.04.23"]
[Round "10"]
[White "Chirilov, James A"]
[Black "Maltsevskaya, Aleksandra"]
[Result "0-1"]
[WhiteElo "2082"]
[BlackElo "2393"]
[PlyCount "214"]
[EventDate "2024.04.23"]
[EventType "swiss (blitz)"]
[EventRounds "11"]
[EventCountry "USA"]
[SourceTitle "CB18_2024"]
[SourceDate "2024.05.01"]
[SourceVersion "1"]
[SourceVersionDate "2024.05.01"]
[SourceQuality "2"]

1. e4 c5 2. Nf3 e6 3. d4 cxd4 4. Nxd4 Nf6 5. Nc3 Nc6 6. a3 Be7 7. Be2 0-0 8. Be3 d5 9. exd5 exd5 10. 0-0 Re8 11. Bf3 Ne5 12. Be2 Bd7 13. Bg5 Nc6 14. Nb3 h6 15. Bxf6 Bxf6 16. Bf3 Bxc3 17. bxc3 Qf6 18. Qxd5 Be6 19. Qc5 Rac8 20. Rfe1 b6 21. Qe3 Bxb3 22. Qxe8+ Rxe8 23. Rxe8+ Kh7 24. cxb3 Qxc3 25. Ree1 Nd4 26. Bd5 g6 27. Rab1 Kg7 28. h3 Qd3 29. Red1 Qc2 30. a4 Ne2+ 31. Kf1 Nc3 32. Rbc1 Qe2+ 33. Kg1 Nxd1 34. Bf3 Qxf2+ 35. Kh2 Ne3 36. b4 Nf1+ 37. Kh1 Nd2 38. Bc6 Qd4 39. b5 Ne4 40. Kh2 h5 41. Rf1 g5 42. Rf5 Qd6+ 43. Kg1 Qd4+ 44. Kh2 f6 45. Rd5 Qe3 46. Rd7+ Kh6 47. Re7 Qf4+ 48. Kg1 Ng3 49. Kh2 h4 50. Re1 Qf2 51. Rd1 g4 52. hxg4 Ne2 53. Bf3 Nd4 54. Bd5 Qg3+ 55. Kh1 Qxg4 56. Rf1 Ne2 57. Rxf6+ Kg5 58. Bf3 Ng3+ 59. Kh2 Qd4 60. Rf8 Nf1+ 61. Kh1 Qa1 62. Kg1 Ng3+ 63. Kf2 Qf1+ 64. Ke3 Qe1+ 65. Kd3 Qe5 66. Rg8+ Kh6 67. Rg4 Qf5+ 68. Ke3 Qf6 69. Kf2 Nf5 70. Kg1 Qd6 71. Kf2 Qd2+ 72. Kg1 Qe1+ 73. Kh2 Ne3 74. Re4 Nf1+ 75. Kg1 Qc1 76. Kf2 Nd2 77. Re6+ Kg5 78. Re1 Qc5+ 79. Ke2 Nxf3 80. Kxf3 Qc3+ 81. Re3 Qc5 82. Re4 Qd5 83. Ke3 Kf5 84. Rf4+ Ke5 85. Rxh4 Qxg2 86. Rh5+ Kd6 87. Rf5 Qg3+ 88. Ke4 Qg4+ 89. Rf4 Qe2+ 90. Kf5 Qe5+ 91. Kg4 Kc5 92. Kf3 Qxf4+ 93. Kxf4 Kb4 94. Ke3 Kxa4 95. Kd2 Kxb5 96. Kc1 Kb4 97. Kb2 b5 98. Ka2 Kc3 99. Kb1 a5 100. Kc1 b4 101. Kb1 a4 102. Ka1 b3 103. Kb1 b2 104. Ka2 Kc2 105. Ka3 b1Q 106. Kxa4 Kc3 107. Ka3 Qb3# 0-1

[Event "Titled Tuesday intern op 23rd Apr Late"]
[Site "Chess.com INT"]
[Date "2024.04.23"]
[Round "6"]
[White "Maltsevskaya, Aleksandra"]
[Black "Plat, Vojtech"]
[Result "0-1"]
[WhiteElo "2393"]
[BlackElo "2506"]
[PlyCount "52"]
[EventDate "2024.04.23"]
[EventType "swiss (blitz)"]
[EventRounds "11"]
[EventCountry "USA"]
[SourceTitle "CB18_2024"]
[SourceDate "2024.05.01"]
[SourceVersion "1"]
[SourceVersionDate "2024.05.01"]
[SourceQuality "2"]

1. e4 d6 2. d4 Nf6 3. Nc3 e5 4. Nf3 exd4 5. Nxd4 Be7 6. g3 d5 7. e5 Ng4 8. Bg2 Nxe5 9. Nxd5 Bg4 10. Qd2 Bh3 11. Be4 0-0 12. f4 Nc4 13. Qe2 Nd6 14. Nxe7+ Kh8 15. Bd3 Re8 16. Qh5 Qxe7+ 17. Kf2 Ne4+ 18. Kg1 Bd7 19. Be3 Nc6 20. Re1 Nf6 21. Nxc6 Bxc6 22. Qh4 Qb4 23. Kf2 Bxh1 24. Rxh1 Rxe3 25. Kxe3 Re8+ 26. Kf2 Qd2+ 0-1

[Event "Titled Tuesday intern op 16th Apr Late"]
[Site "Chess.com INT"]
[Date "2024.04.16"]
[Round "9"]
[White "Caspi, Israel"]
[Black "Maltsevskaya, Aleksandra"]
[Result "0-1"]
[WhiteElo "2468"]
[BlackElo "2393"]
[PlyCount "86"]
[EventDate "2024.04.16"]
[EventType "swiss (blitz)"]
[EventRounds "11"]
[EventCountry "USA"]
[SourceTitle "CB17_2024"]
[SourceDate "2024.04.24"]
[SourceVersion "1"]
[SourceVersionDate "2024.04.24"]
[SourceQuality "1"]

1. e4 c5 2. Nf3 e6 3. c4 Nc6 4. Nc3 Nf6 5. d4 cxd4 6. Nxd4 Bb4 7. Qd3 0-0 8. a3 Bxc3+ 9. bxc3 b6 10. Be2 Bb7 11. f3 Rc8 12. Nb5 Ba6 13. Nd6 Rc7 14. Bg5 Qe7 15. Rd1 h6 16. Bh4 Ne5 17. Qd4 Ng6 18. Bg3 Rc6 19. 0-0 Nh5 20. Rf2 Nxg3 21. hxg3 Qg5 22. g4 Nf4 23. Bf1 Qa5 24. Ra2 h5 25. g3 Ng6 26. gxh5 Qxh5 27. Be2 Rc5 28. f4 Qh3 29. Qf2 Ne7 30. e5 Nc8 31. Ne4 Rc7 32. Ng5 Qh6 33. Kg2 Bb7+ 34. Bf3 Bxf3+ 35. Qxf3 Qg6 36. Rh1 f6 37. exf6 gxf6 38. Ne4 Rxc4 39. Re2 Ne7 40. Qd3 Rc6 41. Qxd7 Qg4 42. Kf2 Qg7 43. Rh4 Rfc8 0-1

[Event "Titled Tuesday intern op 16th Apr Late"]
[Site "Chess.com INT"]
[Date "2024.04.16"]
[Round "10"]
[White "Maltsevskaya, Aleksandra"]
[Black "Bartholomew, John"]
[Result "0-1"]
[WhiteElo "2393"]
[BlackElo "2446"]
[PlyCount "118"]
[EventDate "2024.04.16"]
[EventType "swiss (blitz)"]
[EventRounds "11"]
[EventCountry "USA"]
[SourceTitle "CB17_2024"]
[SourceDate "2024.04.24"]
[SourceVersion "1"]
[SourceVersionDate "2024.04.24"]
[SourceQuality "1"]

1. Nf3 d5 2. g3 c6 3. Bg2 Bg4 4. 0-0 Nd7 5. d3 Ngf6 6. Nbd2 e5 7. e4 dxe4 8. dxe4 Be7 9. h3 Bh5 10. Qe1 0-0 11. Nc4 Qc7 12. g4 Bg6 13. Nh4 Rfe8 14. Nf5 Bf8 15. a4 Nc5 16. a5 Ne6 17. Qe2 b5 18. axb6 axb6 19. Rxa8 Rxa8 20. h4 b5 21. Nce3 Nf4 22. Qf3 h5 23. g5 Nd7 24. Rd1 Nc5 25. Nf1 Nce6 26. N1g3 Rd8 27. Kh2 Rd7 28. Rxd7 Qxd7 29. Qc3 Nxg2 30. Kxg2 Nf4+ 31. Kh2 Qd1 32. Be3 Qf3 33. Bxf4 Qxf2+ 34. Kh3 exf4 35. Nh1 Qe2 36. Nd4 Qxe4 37. Nf3 Bf5+ 38. Kg2 Bg4 39. Nf2 Qd5 40. Qd3 Qe6 41. Qe4 Qd6 42. c3 c5 43. Nd3 b4 44. cxb4 cxb4 45. Nxf4 Qd1 46. Ne5 Qd2+ 47. Kg3 Qxb2 48. Nxg4 hxg4 49. h5 Qc3+ 50. Kxg4 b3 51. g6 Qf6 52. gxf7+ Qxf7 53. Ng6 b2 54. Ne5 Qe6+ 55. Kh4 Be7+ 56. Kg3 Bd6 57. Qa8+ Kh7 58. Qe4+ Kh8 59. Qa8+ Qg8 0-1

[Event "Titled Tuesday intern op 16th Apr Late"]
[Site "Chess.com INT"]
[Date "2024.04.16"]
[Round "6"]
[White "Maltsevskaya, Aleksandra"]
[Black "Rees, Ioan"]
[Result "1/2-1/2"]
[WhiteElo "2393"]
[BlackElo "2277"]
[PlyCount "205"]
[EventDate "2024.04.16"]
[EventType "swiss (blitz)"]
[EventRounds "11"]
[EventCountry "USA"]
[SourceTitle "CB17_2024"]
[SourceDate "2024.04.24"]
[SourceVersion "1"]
[SourceVersionDate "2024.04.24"]
[SourceQuality "1"]

1. Nf3 d5 2. g3 Nf6 3. Bg2 c6 4. 0-0 Bg4 5. d3 Nbd7 6. Nbd2 e6 7. b3 Be7 8. Bb2 0-0 9. e4 h6 10. h3 Bh5 11. e5 Ne8 12. g4 Bg6 13. Nh2 f5 14. exf6 Bxf6 15. d4 e5 16. dxe5 Nxe5 17. Kh1 Nxg4 18. Qxg4 Bxb2 19. Qxg6 Bxa1 20. Rxa1 Rxf2 21. Ndf3 Qf6 22. Qxf6 Nxf6 23. c4 dxc4 24. bxc4 Re8 25. Bf1 c5 26. a4 Ne4 27. Kg1 Rb2 28. Re1 Nd6 29. Rd1 Nf5 30. Ng4 b6 31. Bd3 Ng3 32. Nge5 Ne2+ 33. Kf1 Nd4 34. Nxd4 cxd4 35. Ng4 h5 36. Nf2 Rf8 37. Be2 Rf4 38. Ke1 g6 39. Nd3 Rxe2+ 40. Kxe2 Re4+ 41. Kd2 Re3 42. Nf2 Rf3 43. Ke2 Re3+ 44. Kf1 Ra3 45. Rxd4 Rxa4 46. Rd6 Kg7 47. Rc6 a6 48. Rxb6 Rxc4 49. Rxa6 g5 50. Kg2 g4 51. hxg4 hxg4 52. Kg3 Kf7 53. Nxg4 Ke7 54. Ne5 Rc1 55. Kf4 Rf1+ 56. Ke4 Re1+ 57. Kd4 Rd1+ 58. Nd3 Kd7 59. Kc4 Kc7 60. Nb4 Rc1+ 61. Kb5 Rd1 62. Ra7+ Kd6 63. Ra8 Rh1 64. Rd8+ Ke5 65. Nd3+ Ke6 66. Kc5 Ra1 67. Nb4 Rc1+ 68. Kd4 Rd1+ 69. Nd3 Rh1 70. Rg8 Ra1 71. Rg6+ Kf7 72. Rb6 Ra4+ 73. Kd5 Ra5+ 74. Nc5 Ra1 75. Rb7+ Kf6 76. Ne4+ Kf5 77. Rf7+ Kg6 78. Rf6+ Kg7 79. Rc6 Rd1+ 80. Ke5 Kf7 81. Ng5+ Ke7 82. Rc7+ Ke8 83. Rh7 Re1+ 84. Ne4 Kd8 85. Kd6 Rd1+ 86. Kc6 Rg1 87. Nd6 Rc1+ 88. Kd5 Rd1+ 89. Ke5 Re1+ 90. Ne4 Rd1 91. Ke6 Re1 92. Kd6 Rd1+ 93. Kc6 Rc1+ 94. Nc5 Ke8 95. Rh6 Rc2 96. Kd5 Rc1 97. Ne4 Rd1+ 98. Ke5 Re1 99. Rh7 Kd8 100. Rg7 Re2 101. Kd5 Re1 102. Nc5 Rd1+ 103. Ke6 1/2-1/2

[Event "Titled Tuesday intern op 02nd Apr Late"]
[Site "Chess.com INT"]
[Date "2024.04.02"]
[Round "11"]
[White "Maltsevskaya, Aleksandra"]
[Black "Melikhov, Evgeny V"]
[Result "0-1"]
[WhiteElo "2393"]
[BlackElo "2172"]
[PlyCount "62"]
[EventDate "2024.04.02"]
[EventType "swiss (blitz)"]
[EventRounds "11"]
[EventCountry "USA"]
[SourceTitle "CB15_2024"]
[SourceDate "2024.04.10"]
[SourceVersion "1"]
[SourceVersionDate "2024.04.10"]
[SourceQuality "1"]

1. e4 e5 2. Nf3 Nc6 3. Bb5 a6 4. Ba4 Nf6 5. 0-0 Nxe4 6. d4 b5 7. Bb3 d5 8. dxe5 Be6 9. c3 Bc5 10. Nbd2 0-0 11. Bc2 Nxf2 12. Rxf2 f6 13. exf6 Bxf2+ 14. Kxf2 Qxf6 15. Nb3 Ne5 16. Nbd4 Bg4 17. h3 Bh5 18. Nf5 Rad8 19. Qd4 Nxf3 20. Qxf6 Rxf6 21. gxf3 Rdf8 22. Ne7+ Kh8 23. f4 Re6 24. Nxd5 Re2+ 25. Kg3 Rxc2 26. Be3 Rxb2 27. Bd4 c6 28. Nc7 Bf7 29. Re1 Rxa2 30. Re7 a5 31. Rd7 Kg8 0-1

[Event "Titled Tuesday intern op 02nd Apr Late"]
[Site "Chess.com INT"]
[Date "2024.04.02"]
[Round "2"]
[White "Maltsevskaya, Aleksandra"]
[Black "Sarana, Alexey"]
[Result "0-1"]
[WhiteElo "2393"]
[BlackElo "2703"]
[PlyCount "95"]
[EventDate "2024.04.02"]
[EventType "swiss (blitz)"]
[EventRounds "11"]
[EventCountry "USA"]
[SourceTitle "CB15_2024"]
[SourceDate "2024.04.10"]
[SourceVersion "1"]
[SourceVersionDate "2024.04.10"]
[SourceQuality "1"]

1. e4 c5 2. Nf3 d6 3. d4 Nf6 4. Nc3 cxd4 5. Nxd4 a6 6. g3 e5 7. Nb3 Be7 8. Bg2 0-0 9. 0-0 Be6 10. Re1 Nbd7 11. a4 Rc8 12. Nd2 h5 13. Nf1 h4 14. Ne3 h3 15. Bf1 Nc5 16. Ned5 Nxd5 17. Nxd5 Bg5 18. Qh5 Bxc1 19. Raxc1 Nxa4 20. b3 Nc3 21. Nxc3 Rxc3 22. Bxh3 g6 23. Qh6 Bxh3 24. Qxh3 Qc7 25. Re2 Rxb3 26. cxb3 Qxc1+ 27. Kg2 Qd1 28. Re3 Rd8 29. Qh4 Rc8 30. Rf3 Rf8 31. g4 Qd4 32. Re3 d5 33. Qf6 Rc8 34. Rf3 Rf8 35. Re3 Qd1 36. Rg3 dxe4 37. Qxe5 Rd8 38. Qxe4 b5 39. Re3 Qd7 40. Qf3 Rc8 41. h4 a5 42. Re4 a4 43. bxa4 bxa4 44. h5 g5 45. h6 Qc6 46. Re8+ Qxe8 47. Qf6 Qc6+ 48. f3 0-1

[Event "Swiss Queens Wed #9"]
[Site "FIDE Online Arena INT"]
[Date "2024.03.27"]
[Round "9"]
[White "Goltseva, Ekaterina"]
[Black "Maltsevskaya, Aleksandra"]
[Result "0-1"]
[WhiteElo "2286"]
[BlackElo "2374"]
[PlyCount "64"]
[EventDate "2024.03.27"]
[EventType "swiss (blitz)"]
[EventRounds "11"]
[EventCountry "NET"]
[SourceTitle "CB14_2024"]
[SourceDate "2024.04.01"]
[SourceVersion "1"]
[SourceVersionDate "2024.04.01"]
[SourceQuality "1"]

1. d4 Nf6 2. c4 g6 3. Nc3 Bg7 4. e4 d6 5. Nge2 0-0 6. Ng3 e5 7. d5 Nbd7 8. Be2 a5 9. h4 h5 10. Bg5 Nc5 11. Bxh5 c6 12. Be2 cxd5 13. Nxd5 Be6 14. h5 Bxd5 15. exd5 Qb6 16. Qc2 e4 17. Be3 Qb4+ 18. Bd2 Qb6 19. Bc3 Rfe8 20. 0-0 Qd8 21. hxg6 fxg6 22. Bd4 Nfd7 23. Bxg7 Kxg7 24. Bg4 Ne5 25. Be6 Qh4 26. Rfe1 Rh8 27. Bh3 Nf3+ 28. gxf3 Qxh3 29. fxe4 Raf8 30. Qc3+ Kg8 31. Qe3 Nd3 32. Nf1 Qh1# 0-1

[Event "Swiss Queens Wed #8"]
[Site "FIDE Online Arena INT"]
[Date "2024.03.20"]
[Round "6"]
[White "Padmini, Rout"]
[Black "Maltsevskaya, Aleksandra"]
[Result "0-1"]
[WhiteElo "2353"]
[BlackElo "2374"]
[PlyCount "76"]
[EventDate "2024.03.20"]
[EventType "swiss (blitz)"]
[EventRounds "11"]
[EventCountry "NET"]
[SourceTitle "CB13_2024"]
[SourceDate "2024.03.27"]
[SourceVersion "1"]
[SourceVersionDate "2024.03.27"]
[SourceQuality "1"]

1. e4 c5 2. Nf3 e6 3. d4 cxd4 4. Nxd4 Nf6 5. Nc3 Nc6 6. Nxc6 bxc6 7. e5 Nd5 8. Ne4 Qc7 9. f4 Qb6 10. c4 Bb4+ 11. Ke2 Ba6 12. Kf3 f5 13. Nd6+ Bxd6 14. cxd5 Bc5 15. dxe6 dxe6 16. Bxa6 Qxa6 17. Qb3 Kf7 18. Rd1 Rhd8 19. Be3 Rab8 20. Bxc5 Rxb3+ 21. axb3 Qc8 22. Rxa7+ Kg6 23. Rxd8 Qxd8 24. b4 Qd3+ 25. Kf2 Qd2+ 26. Kf3 Qxb2 27. h3 Qc3+ 28. Kf2 Qd2+ 29. Kg3 h5 30. Re7 h4+ 31. Kf3 Qd3+ 32. Kf2 Qc4 33. Kf3 Qe4+ 34. Kf2 Qxf4+ 35. Kg1 Qxe5 36. Rd7 Qe1+ 37. Kh2 f4 38. Rd3 e5 0-1

[Event "Swiss Queens Wed #7"]
[Site "FIDE Online Arena INT"]
[Date "2024.03.13"]
[Round "3"]
[White "Maltsevskaya, Aleksandra"]
[Black "Osmak, Iulija"]
[Result "1/2-1/2"]
[WhiteElo "2374"]
[BlackElo "2452"]
[PlyCount "117"]
[EventDate "2024.03.13"]
[EventType "swiss (blitz)"]
[EventRounds "11"]
[EventCountry "NET"]
[SourceTitle "CB12_2024"]
[SourceDate "2023.10.01"]
[SourceVersion "1"]
[SourceVersionDate "2023.10.01"]
[SourceQuality "1"]

1. Nf3 c5 2. g3 Nc6 3. Bg2 e5 4. d3 d5 5. 0-0 Be7 6. e4 d4 7. Nbd2 Qc7 8. a4 Be6 9. Ne1 g5 10. f4 gxf4 11. gxf4 exf4 12. Nc4 Bxc4 13. Bxf4 Bd6 14. Bxd6 Qxd6 15. dxc4 Ne5 16. Nd3 Ne7 17. Qh5 N7g6 18. Nxe5 Qxe5 19. Rf5 Qg7 20. Raf1 0-0 21. Rxc5 Rae8 22. Rg5 Re5 23. Rxe5 Nxe5 24. b3 Kh8 25. Qf5 Rg8 26. Qf6 Ng4 27. Qxf7 Qh6 28. Qf4 Qxf4 29. Rxf4 Ne3 30. Rf2 Rg5 31. h3 Kg7 32. Kh2 a5 33. Rd2 Kf6 34. h4 Rg4 35. Bf3 Rf4 36. Kg3 Ke5 37. Rf2 Rf6 38. Be2 Rg6+ 39. Kh3 Nxc2 40. Rf5+ Kxe4 41. Rxa5 d3 42. Bg4 d2 43. Bf5+ Ke3 44. Bxc2 Rg1 45. Rd5 Rc1 46. Bxh7 d1Q 47. Rxd1 Rxd1 48. h5 Rg1 49. h6 Rh1+ 50. Kg4 Rxh6 51. Bg8 Rb6 52. c5 Rb4+ 53. Bc4 Kd4 54. Kf5 Kxc5 55. Ke5 Rxc4 56. bxc4 Kxc4 57. Kd6 Kb4 58. Kc7 Kxa4 59. Kxb7 1/2-1/2